|
|
|
|
| LEADER |
00000nam0a2200000 4500 |
| 001 |
341999 |
| 005 |
20231102005415.0 |
| 010 |
|
|
|a 9785948562896
|
| 035 |
|
|
|a (RuTPU)RU\TPU\book\370446
|
| 090 |
|
|
|a 341999
|
| 100 |
|
|
|a 20181121d2007 km y0rusy50 ca
|
| 101 |
0 |
|
|a rus
|
| 102 |
|
|
|a RU
|
| 105 |
|
|
|a a z 001zy
|
| 200 |
1 |
|
|a Газовые взрывы
|f Б. Е. Гельфанд, М. В. Сильников
|
| 210 |
|
|
|a Санкт-Петербург
|c Астерион
|d 2007
|
| 215 |
|
|
|a 239 с.
|c ил.
|
| 320 |
|
|
|a Библиогр.: с. 217-233
|
| 330 |
|
|
|a В книге изложены современные представления о природе возникновения и развитии взрывов газообразных (паровых) горючих смесей в замкнутых, полуоткрытых и неограниченных объемах. Впервые суммированы сведения о взрывах газовых смесей в подводных полостях. В развернутой форме обобщены результаты многочисленных наблюдений взрывных явлений в газовых смесях и описаны их отличительные особенности по сравнению с взрывами конденсированных взрывчатых веществ. Представлено конспективное сопоставление дефлаграционных и детонационных режимов взрывного превращения в газовых смесях. Описаны барические характеристики газовых взрывов в объемах, частично или полностью заполненных горючей газовой смесью. Кратко упомянуты технические решения для снижения барических нагрузок за счет взрыворазгрузочных устройств. Обобщены сведения о расчете параметров взрывных волн при детонации и горении газовых смесей в открытом пространстве. Описание барических нагрузок от газовых взрывов дополнено информацией относительно ветровых воздействий, сопровождающих быстрое взрывное превращение больших масс (облаков) смеси газообразного горючего с воздухом. Комплексное описание вредных последствий газового взрыва включает результаты исследований параметров дистанционного теплового действия от огненных шаров продуктов горения, появляющихся в процессе взрывного превращения. Книга адресована не только специалистам в области взрывных процессов, разработчикам средств защиты от взрыва, в ней также содержатся необходимые сведения для специалистов, сталкивающихся в своей практике с взрывными явлениями, порожденными использованием горючих газов и паров, для ознакомления с предметом изложения.
|
| 606 |
1 |
|
|a Газовые смеси
|x Взрываемость
|x Химическая технология
|2 stltpush
|3 (RuTPU)RU\TPU\subj\33027
|9 55382
|
| 610 |
1 |
|
|a взрывы
|
| 610 |
1 |
|
|a дефлаграционные взрывные процессы
|
| 610 |
1 |
|
|a детонационные взрывные процессы
|
| 610 |
1 |
|
|a замкнутые объемы
|
| 610 |
1 |
|
|a газовые взрывы
|
| 610 |
1 |
|
|a открытые пространства
|
| 610 |
1 |
|
|a гетерогенные смеси
|
| 610 |
1 |
|
|a детонация
|
| 610 |
1 |
|
|a горение
|
| 610 |
1 |
|
|a взрывные волны
|
| 675 |
|
|
|a 662.612
|v 4
|
| 700 |
|
1 |
|a Гельфанд
|b Б. Е.
|g Борис Ефимович
|
| 701 |
|
1 |
|a Сильников
|b М. В.
|g Михаил Васильевич
|
| 801 |
|
1 |
|a RU
|b 63413507
|c 20181121
|
| 801 |
|
2 |
|a RU
|b 63413507
|c 20181212
|g RCR
|
| 942 |
|
|
|c BK
|